| 000 | 00545nam a2200169 4500 | ||
|---|---|---|---|
| 001 | 117132 | ||
| 003 | ES-MaACL | ||
| 007 | t| | ||
| 008 | 071121s1985 sp r ||||1| spa d | ||
| 020 | _a84-600-3973-0 | ||
| 100 | 1 |
_aPeña, Lorenzo. _990233 |
|
| 245 | 1 | 3 |
_aEl ente y su ser _b: un estudio lógico-metafísico / _cLorenzo Peña. |
| 260 |
_aLeón : _bUniversidad, Secretariado de Publicaciones, _c1985. |
||
| 300 |
_a568 p. ; _c21 cm. |
||
| 710 | 2 |
_aUniversidad. _bSecretariado de Publicaciones. _97460 |
|
| 852 |
_aES-MaACL _jG-3496 _bR.114652 |
||
| 999 |
_c117132 _d117132 |
||